|
|
|
|
| LEADER |
00000nab a2200000 a 4500 |
| 001 |
vtls008941219 |
| 003 |
SK-MaSNL |
| 005 |
20260303070824.0 |
| 008 |
140303c2006 xo wrzp 0 0slo |
| 015 |
|
|
|a SNBRB2007/01
|2 snkbucl
|
| 040 |
|
|
|a SNKBUCL
|b slo
|c SNKBUCL
|e AACR2
|
| 041 |
0 |
|
|a slo
|
| 044 |
|
|
|a xo
|c SK
|
| 080 |
|
|
|a 616.24-006.6-073
|2 1997
|
| 080 |
|
|
|a 616-073
|2 1997
|
| 245 |
0 |
0 |
|a CT skríning pri karcinóme pľúc
|c [spracoval] (jen)
|
| 246 |
3 |
|
|a Počítačový tomografový skríning pri karcinóme pľúc
|
| 650 |
0 |
7 |
|a karcinóm pľúc
|x diagnostika
|2 snkbucl
|9 1068751
|
| 650 |
0 |
7 |
|a pľúca
|x karcinóm
|x diagnostika
|2 snkbucl
|9 916123
|
| 650 |
0 |
7 |
|a tomografia počítačová
|2 snkbucl
|9 891509
|
| 773 |
0 |
|
|t Zdravotnícke noviny
|g Roč. XII, č. 4 (2007)
|x 1335-4477
|
| 773 |
0 |
8 |
|t Lekárske listy
|g Č. 4 (2007), s. 21
|
| 852 |
|
|
|a SNK
|b KIS3GCP
|
| 958 |
|
|
|a MI
|
| 958 |
|
|
|a SK
|
| 999 |
|
|
|c 1757072
|d 1759002
|